[Event "Novgorod"]
[Site "Novgorod"]
[Date "1995.06.05"]
[Round "9"]
[White "Kasparov, Garry"]
[Black "Timman, Jan H"]
[Result "1/2-1/2"]
[WhiteElo "2805"]
[BlackElo "2635"]
[Annotator "Hansen,Cu"]
[PlyCount "65"]
[EventDate "1995.05.??"]
[EventType "tourn"]
[EventRounds "9"]
[EventCountry "RUS"]
[EventCategory "17"]
[SourceTitle "CBM 048"]
[Source "ChessBase"]
[SourceDate "1995.10.01"]
[SourceVersion "1"]
[SourceVersionDate "1995.10.01"]
[SourceQuality "1"]

1. d4 {Dolmatov Dautov} Nf6 2. c4 e6 3. Nc3 Bb4 4. Qc2 d5 5. cxd5 exd5 6. Bg5
h6 7. Bh4 c5 8. dxc5 g5 (8... Nbd7 9. O-O-O Qa5 10. Nxd5 Nxd5 11. Qe4+ $16 {
Najdorf,M-Foerder,H/Buenos Aires ol f-A (04) ,HCL 37 1939/1-0 (51)}) (8... O-O
$6 9. e3 (9. O-O-O Bxc3 10. Qxc3 g5 11. Bg3 Bf5 12. f3 Nbd7 13. Bd6 Rc8 14. e4
Bxe4 15. Bd3 Nxc5 16. Bxc5 b6 17. Kb1 Rxc5 18. Qd2 Bxd3+ {1/2-1/2 Relange,
E-Sosonko,G/Cannes op (02) ,EXP 46 1995}) 9... Nbd7 (9... Nc6 10. Nf3 g5 11.
Bg3 Qa5 12. Bd3 Re8 $6 13. O-O Qxc5 14. Nb5 $5 Qxc2 15. Bxc2 $16 {
Bloch-Erofeev, USSR 1982}) 10. Bd3 Qa5 11. Nge2 Bxc3+ 12. Qxc3 Qxc3+ 13. Nxc3
Nxc5 14. Bc2 g5 15. Bg3 Be6 16. f3 a6 17. h4 Rfc8 18. hxg5 hxg5 19. O-O-O Ncd7
20. Kb1 Kg7 21. Bb3 $16 {Kasparov,G-Kortschnoj,V/Tilburg 48/(739) 1989}) (8...
Nc6 9. O-O-O $5 (9. e3 O-O (9... g5 10. Bg3 Ne4 11. Nf3 (11. Bd3 Bxc3+ 12. bxc3
Nxc5 13. Ne2 Be6 14. Rb1 $14 {0-1 Bayram,Y-Kolev,At/Balkaniad-men (02) 1993 
(42)}) 11... Qf6 12. Rc1 (12. Bb5 $1 Nxc3 (12... Nxg3 13. hxg3 $14) (12... O-O
13. O-O Nxc3 14. bxc3 Qxc3 15. Qxc3 Bxc3 16. Rac1 $14) 13. Bxc6+ bxc6 $2 (13...
Qxc6 14. bxc3 Bxc5 15. O-O $14) 14. a3 $1 g4 $1 (14... Bf5 15. Qd2 $16) 15. Be5
$1 $16 {1-0 Kasparov,G-Spassky,B/Linares 49/666 1990 (29)} (15. Nd4 Nb5+ $13))
12... Bf5 13. Bd3 h5 14. h4 g4 15. Ng5 Nxc3 16. bxc3 Qxc3+ 17. Qxc3 Bxd3 18.
Bd6 Bf5 19. f3 Bxc3+ 20. Rxc3 f6 21. fxg4 Bxg4 22. Nf3 {= Gelfand,B-Balashov,J/
URS CH 1989}) 10. Nf3 d4 11. O-O-O Qa5 12. Bxf6 dxc3 13. Bxc3 Qxa2 14. Bb5 Bxc3
15. Qxc3 Be6 $44 {0-1 Chabanon,J-Sokolov,A/Cannes op (02) ,EXP 46 1995 (34)})
9... g5 (9... Bxc3 $2 10. Qxc3 d4 11. Qa3 $1 Qe7 12. Nf3 O-O 13. Nxd4 Nxd4 14.
Rxd4 Be6 15. Bg3 Rfc8 16. Bd6 Qd8 17. e3 Ne4 18. Rxe4 Qxd6 19. Rc4 $1 Qe7 20.
Rc3 $18 {Bloch-Zier, corr. 1990/92}) 10. Bg3 Bxc3 $6 (10... O-O $2 11. Nxd5 $1
Nxd5 12. e4 Nce7 $8 13. Kb1 $6 Bxc5 $1 14. Bc4 $1 $16 {Bloch-Gubin, USSR 1983})
(10... Qa5 $5 11. e3 Be6 12. Nf3 $5) 11. Qxc3 d4 12. Qa3 O-O 13. e3 b6 $5 14.
exd4 (14. Nf3 $6 bxc5 $1 15. Qxc5 $6 Be6 $1 16. Nxd4 $2 Nxd4 $1 17. Qxd4 Qa5 $1
$40) 14... Be6 {Bloch,MW-Prokofiev,AV/corr/1992 (26)} (14... Nxd4 $2 15. Nf3 $1
bxc5 16. Qxc5 $18) 15. Ba6 $1 $16) 9. Bg3 Ne4 (9... Nc6 10. e3 Ne4 11. Nf3 (11.
Bd3 $5 Nxc3 (11... Nxc5 $6 12. Nge2 d4 13. exd4 Nxd4 14. Nxd4 Qxd4 15. Bb5+ $16
) (11... Bxc3+ 12. bxc3 Nxc5 13. Ne2 Nxd3+ 14. Qxd3 $14) (11... Qa5 12. Nge2
$14) (11... Nxg3 $1 12. hxg3 d4 13. exd4 Qxd4 14. Nge2 Qxc5 15. O-O Be6 $13)
12. bxc3 Qf6 13. Ne2 Bxc5 14. h4 $1 (14. Nd4 $14) 14... Bd7 (14... Nb4 $2 15.
Bb5+ Kf8 16. Qd1 $16) (14... Be6 $6 15. Rb1 O-O-O 16. Qa4 $40 Ne5 17. Bxe5 Qxe5
18. Ba6 $1 Bb6 19. Qc6+ Qc7 20. Bxb7+ Kb8 21. Qxc7+ Kxc7 22. Ba6 $16) (14...
Kf8 15. Qb3 $16) 15. Qb3 Ne5 (15... Nb4 16. Bb1 $16) (15... O-O-O 16. Qxd5 Be6
17. Qxc5 Rxd3 18. Nd4 $16) 16. Bxe5 (16. Qxd5 Nxd3+ 17. Qxd3 Bc6 18. Kf1 Rd8
19. Nd4 $16) 16... Qxe5 17. hxg5 (17. Qxb7 $6 Rb8 18. Qa6 Rb6 19. Qa5 Bb4 20.
Qxa7 Bxc3+ 21. Kf1 Rb4 $44) 17... hxg5 18. Rxh8+ Qxh8 19. Qxb7 $16 {Glek,
I-Podzielny,K/Bonn GSK (02) ,CBM 45 1995/1/2-1/2 (59)}) 11... Qa5 (11... Qf6 {
Dolmatov} 12. Bb5 Nxc3 13. Bxc6+ bxc6 $6 14. a3 g4 15. Be5 Ne4+ 16. axb4 Qf5
17. Bxh8 gxf3 18. Rg1 $16 {Kasparov,G-Spassky,B/Linares/1990/}) 12. Nd2 Nxc3 {
/\ d4} (12... Bxc3 13. bxc3 Qxc3 14. Qxc3 Nxc3 15. f3 Bf5 16. Kf2 O-O 17. h4
Rfe8 18. hxg5 hxg5 19. Nb3 Kg7 $13 {Kortschnoj,V-Portisch,L/Amsterdam/1990/}) (
12... Nxd2 $5 {Maksimovic,B} 13. Qxd2 Be6 {/\ 0-0-0, d4} 14. Rc1 $6 (14. Bb5 {
Maksimovic,B}) 14... d4 $1 15. exd4 O-O-O $44 {|^ Drasko,M-Maksimovic,B/YUG 52/
558/1991/}) (12... Be6 {Maksimovic,B} 13. Nb3 $1 Bxc3+ 14. bxc3 Qxc3+ 15. Qxc3
Nxc3 16. f3 $14) (12... Bf5 {Maksimovic,B} 13. Bd3 $14) (12... Nxc5 $5 {
Maksimovic,B /\ d4} 13. Nxd5 (13. Bb5 $1 Bxc3 14. Bxc6+ $8 (14. Qxc3 $2 Qxb5
15. Qxh8+ Ke7 $19 {><d3}) 14... bxc6 15. bxc3 $1 (15. Qxc3 Qxc3 16. bxc3 $10)
15... Ba6 16. Nb3 $8 Qa4 $5 (16... Nxb3 17. Qxb3 Qb5 18. O-O-O {/\ h4+/=}) 17.
Rd1 {Atalik,S-Maksimovic,B/Iraldion 59/(593)/1993} Qe4 $10) 13... Be6 $1 (13...
Bf5 $6 14. Qxf5 Bxd2+ 15. Ke2 $16) 14. Nc3 $1 {/\ 15.Nc4, 15.Bc4} (14. Nc3
O-O-O $40)) 13. bxc3 Bxc3 14. Rb1 Qxc5 (14... a6 15. Bd6 $16 {Glek,I-Jurerov/
URS/1989/}) 15. Rb5 Qa3 16. Rb3 (16. Rxd5 Be6 17. Rd3 Nb4 (17... Bxd2+ 18. Rxd2
) 18. Qxc3 Nxd3+ 19. Qxd3 Qc1+ 20. Ke2 O-O (20... Rd8 21. Qb5+ Rd7 22. Bd6) 21.
Nb3 Qb2+ 22. Qd2 Qb1 23. f3 Bxb3 24. axb3 Rfd8 $19) 16... Bxd2+ 17. Qxd2 Qa5
18. Qxa5 $1 {N} (18. Bb5 Qxd2+ 19. Kxd2 Bd7 $15 {Spassky,B-Fischer,R/m(10)/1992
}) 18... Nxa5 19. Rb5 Nc6 (19... b6 $142) 20. h4 $1 $16 {Sherbakov,R-Lyrberg,P/
Jyvaskyla 61/579 1994 (49)} (20. Rxd5 Be6 21. Rd2 O-O $5 {/\ Rfd8})) 10. e3 Qa5
(10... Qf6 11. Bb5+ Bd7 (11... Nc6 12. Nge2 a6 13. Bd3 Nxc5 14. a3 Be6 15. O-O
$16 {Falchetta,Giovanni-Magalotti,Andrea/Forli op (06) 1991 (36)}) 12. Bxd7+
Nxd7 13. Nge2 Bxc3+ 14. bxc3 O-O 15. Rd1 Qe6 16. h4 g4 17. Bd6 Nxd6 18. cxd6
Qxd6 19. e4 Rae8 20. Rxd5 Qe6 21. Rd4 Nc5 $44 {~/= Goldin,A-Lautier,J/Palma de
Mallorca (GMA) 48/(739) 1989}) 11. Nge2 (11. Be5 O-O 12. Bd3 Nc6 13. Bxe4 Nxe5
14. Bxd5 (14. Bh7+ $6 Kg7 15. Bd3 d4 (15... Bg4 16. Nge2 Bxe2 17. Bxe2 Rac8 18.
O-O Bxc3 19. bxc3 Qxc5 $10 {Ryskin,A-Pushkov,N/Sochi 1993 (34)}) 16. exd4 Nxd3+
(16... Bxc3+ 17. bxc3 Nxd3+ 18. Qxd3 Bf5 19. Qc4 $8 (19. Qf3 $2 Rfe8+ 20. Ne2
Bg4 21. Qxg4 Qxc3+ $19) (19. Qd2 Rfe8+ 20. Ne2 Qa6 21. Rd1 Re7 {/\ Rae8-+})
19... Rfe8+ 20. Kd2 $8 (20. Ne2 $2 b5 21. cxb6 Rac8 22. Qb4 Qxb4 23. cxb4 Bd3)
20... b5 $13 {Sokolov,I-Short,N/Wijk (op) 62/558 1995 (63)} (20... Qa3 21. Qb5
$1 $13)) 17. Qxd3 Re8+ 18. Nge2 b6 $132) 14... Bg4 $1 $10 15. Nf3 Bxf3 16. Bxf3
Nxf3+ 17. gxf3 Rac8 18. O-O {1/2-1/2 Kasparov,G-Short,N/London (m/5) 59/(593)
1993}) 11... Nc6 (11... Bf5 12. Be5 $1 (12. Qc1 Nd7 13. Bd6 Ndxc5 14. Bxc5 Qxc5
15. a3 Bxc3+ 16. Nxc3 Nxc3 17. Qxc3 Qxc3+ {1/2-1/2 Relange,E-Ward,C/
Paris-London (02) 1994}) 12... O-O (12... Nxc3 $2 13. Qxf5 Ne4+ 14. Nc3 $1) (
12... f6 $5 $13) (12... Nc6 $132) (12... Bg6 $132) 13. Nd4 Bg6 $2 (13... Re8
$13) (13... Nc6 $13) (13... Nd7 $13) (13... Nxc3 14. Nxf5 (14. Qxf5 Ne4+ 15.
Ke2 Nc6 16. Nxc6 Qa6+ 17. Kf3 Qxc6 18. Bd3 Bxc5 19. Bxe4 dxe4+ 20. Qxe4 f6 $17
{0-1 Relange,E-Emms,J/Paris-London (04) 1994 (29)}) 14... Ne4+ 15. Kd1 Nc6 16.
Bg3 Bxc5 $13 {Law,A-Ward,C/Lloyds Bank op(08) 1994 (25)}) 14. Nb3 $1 Nxc3 (
14... Qa4 $6 15. Bd3) (14... Qd8 15. Bd3 Nc6 16. Bd4) 15. Bxc3 $1 $16 {
Kasparov,G-Short,N/London (m/9)/1993/1-0 (52)}) 12. a3 (12. f3 $1 Nxg3 $1 (
12... Nxc5 13. a3 $1 Be6 14. Rd1 Bxc3+ 15. Qxc3 Qxc3+ 16. Nxc3 O-O-O 17. Nb5
$14) (12... Nxc3 13. Nxc3 Qxc5 14. Qd2 Be6 15. a3 $14) 13. hxg3 Bxc5 (13...
Qxc5 $6 14. a3 Bxc3+ 15. Qxc3 Qxc3+ 16. Nxc3 $16) 14. Qd2 Be6 15. Nd4 (15. Rd1
$2 d4 $1 16. Nxd4 Nxd4 17. exd4 O-O-O $1 $40) 15... Nxd4 16. exd4 Bb4 $6 (16...
Be7 17. Bb5+ $1 Kf8 18. Ba4 $1 Bf6 19. Bb3 Kg7 20. Kf2 Rad8 21. Rad1 $14 {
/\ g4, Ne2-g3}) (16... Bd6 17. Bb5+ Kf8 18. Kf2 Rc8 19. Bd3 $14) 17. a3 Bxc3 (
17... Rc8 $6 18. Rc1 $14) 18. Qxc3 Qxc3+ 19. bxc3 $14 {Alterman,B-Kortschnoj,V/
Groningen/1993/ (40)}) (12. O-O-O $2 Bf5 $1 $17 {Etchegaray-Bogoevska/Moscow
ol (14) 1994/1-0 (78)}) 12... Bf5 (12... Bxc5 $5 {Dautov} 13. O-O-O Nxg3 14.
Nxg3 Be6 15. h4 g4 16. Nb5 $5 $14) 13. Qc1 Nxc5 (13... Bxc3+ 14. Nxc3 Nxc3 15.
Qxc3 Qxc3+ 16. bxc3 $16) 14. axb4 Nd3+ (14... Qxb4 15. Nd4 $18) 15. Kd2 Qxb4 (
15... Nxc1 16. Rxa5 Nb3+ 17. Ke1 $1 Nxb4 18. Rxd5 Nxd5 19. Nxd5 $16) 16. Ra4 (
16. Qc2 Nxf2 (16... Nc5 {Dautov} 17. Qxf5 Qxb2+ 18. Ke1 (18. Qc2 Nb3+ {Dolmatov
} 19. Kd1 Qxa1+ 20. Nc1) 18... Qxa1+ 19. Nd1 Ne7 20. Qc2 Ne4 $40) 17. Qxf5
Qxb2+ 18. Ke1 Nxh1 19. Rb1 Qa3 20. Rxb7 O-O 21. Nxd5 $16) 16... Nxc1 17. Rxb4
Nxe2 (17... Nxb4 18. Nxc1 $16) 18. Rxb7 Nxg3 (18... Nxc3 19. bxc3 O-O 20. h4
$16) 19. hxg3 d4 (19... Rd8 20. Bb5 Bd7 21. Nxd5 $16) 20. exd4 (20. Nb5 Rd8 21.
exd4 Nxd4 22. Nxd4 Rxd4+ 23. Kc3 $16) (20. Nd5 $5 {Dolmatov} dxe3+ (20... O-O-O
21. Ba6 $16) (20... Rd8 21. e4 $14) 21. Kxe3 (21. Nxe3 $2 O-O-O+) 21... O-O (
21... Rd8 22. Bb5 $1 $16) 22. Rxh6 Rfe8+ 23. Kd2 Rad8 24. Rxc6 Rxd5+ 25. Kc3
$16) 20... Nxd4 21. Nd5 (21. Bc4 $2 {Dautov} O-O-O $1 22. Rxf7 Nb3+ 23. Ke1
Rhe8+ 24. Be2 Bd3 $15) 21... Rd8 (21... Kf8 $142 {Dautov} 22. Kc3 Ne6 23. Bc4
Nc5 24. Rc7 Ne6 25. Rc6 Kg7 26. Ra1 $14) 22. Bc4 O-O (22... Nc6 23. Kc3 $16) (
22... Be6 23. Nc7+ Kf8 24. Nxe6+ Nxe6+ 25. Kc3 $16) 23. Kc3 (23. Rxh6 $2 {
Dautov} Be4 (23... Be6 {Dolmatov} 24. Ne7+ Kg7 $17) 24. Nf6+ Kg7 25. Nxe4 Kxh6
26. Bxf7 $10) 23... Ne2+ 24. Kb4 {/\Ne7,Rxh6} (24. Bxe2 {Dolmatov} Rxd5 25.
Rxa7 Rc8+ 26. Bc4 Rd3+ $10) 24... Nd4 (24... Kg7 25. Rd1 Bg4 (25... Rb8 26.
Rxb8 Rxb8+ 27. Ka3 Re8 28. Re1 Be6 29. Rxe2 Bxd5 30. Rxe8 Bxc4 31. g4 $18) 26.
Rd2 (26. f3 {Dautov} Be6 27. Bxe2 Rxd5 28. Rxd5 Bxd5 29. Rxa7 $16) 26... Rfe8 (
26... Rb8 27. Rxb8 Rxb8+ 28. Ka5 Nc1 29. Ka6 $16) 27. Rxa7 $16 {Beliavsky,
A-Timman,J/Madrid (02) ,CBM 47 1995 (33)}) (24... Rb8 25. Ne7+ Kh7 26. Rxb8
Rxb8+ 27. Ka3 (27. Kc5 {Dautov} Bg4 28. Re1 Rxb2 29. f3 $16) 27... Bg4 28. Nd5
Be6 29. Rd1 Bxd5 30. Rxd5 {xNe2}) 25. Ne7+ (25. Rxh6 $2 Be4 {[%cal Re4a8]} 26.
Ne7+ Kg7 $17) 25... Kg7 26. Rxa7 (26. Nxf5+ Nxf5 27. Rxa7 Rd2 $132) 26... Rb8+
27. Kc5 (27. Kc3 Nb5+ 28. Bxb5 Rxb5 {Dautov} 29. b4 (29. Nxf5+ Rxf5 30. f3 Rc8+
31. Kb3 (31. Kd4 Rc2 $10) (31. Kd3 Rd5+) 31... Rb5+ 32. Ka3 Rc2 $10) 29... Be6
(29... Rfb8 $2 30. Ra5 Be4 31. Rxb5 Rxb5 32. f3 $16) 30. Rha1 Rfb8 (30... Kf6)
31. R1a4 Re5 $10 {/\} 32. Nc6 Rc8 33. R4a6 Re2) (27. Ka3 {Dautov} Nc2+ 28. Ka4
Be4 {/\Rb4,Rxb2}) 27... Ne6+ 28. Bxe6 Bxe6 29. b4 Rfd8 {[%csl Re7]} 30. Re1 {
[%cal Ye1e6,Ye7c6]} (30. Nc6 $4 {Dautov} Rd5+ 31. Kc4 Rc8 32. b5 Rd1+ $19)
30... Kf6 {[%cal Yd8d2]} (30... Rd2 $4 {Dautov} 31. Rxe6 Rc2+ 32. Kd4 Rd8+ 33.
Ke3 Rc3+ 34. Ke4 Rc4+ 35. Ke5 fxe6 36. Nc6+ $18) 31. Rh1 (31. Re2 {Dautov} Rd3
32. Rc2 Bb3 33. Rc1 Rd2 34. Rc3 Be6 35. Rf3+ Kg7 36. Nf5+ Kh7 37. Ne3 Rc8+ 38.
Kb6 Rb8+ 39. Rb7 Rxb7+ 40. Kxb7 Rb2 $10) (31. b5 {Dolmatov} Rd2) 31... Kg7 32.
Re1 Kf6 33. Rh1 1/2-1/2

[Event "Olympiad-31"]
[Site "Moscow"]
[Date "1994.12.14"]
[Round "13.1"]
[White "Hansen, Lars Bo"]
[Black "Timman, Jan H"]
[Result "1-0"]
[WhiteElo "2580"]
[BlackElo "2635"]
[Annotator "Hansen,LB"]
[PlyCount "67"]
[EventDate "1994.12.01"]
[EventType "team-swiss"]
[EventRounds "14"]
[EventCountry "RUS"]
[SourceTitle "CBM 045"]
[Source "ChessBase"]
[SourceDate "1995.04.01"]
[SourceVersion "1"]
[SourceVersionDate "1995.04.01"]
[SourceQuality "1"]
[WhiteTeam "Denmark"]
[BlackTeam "Netherlands"]
[WhiteTeamCountry "DEN"]
[BlackTeamCountry "NED"]

1. d4 {Timman} Nf6 2. c4 e6 3. Nc3 Bb4 4. Qc2 d5 5. cxd5 exd5 6. Bg5 h6 7. Bxf6
Qxf6 8. a3 Bxc3+ 9. Qxc3 O-O 10. e3 Bf5 11. Ne2 c6 $5 (11... Rc8) (11... Nd7)
12. Ng3 $146 (12. Nf4) 12... Bg6 $1 {/\ Qe7,Nd7-f6-e4;h6-h5-h4<=>} 13. Be2 Nd7
14. b4 (14. O-O $5 c5 $5 (14... Qe7 15. f4 $5 (15. b4)) 15. Rac1 (15. Bg4 cxd4
16. exd4 Nb6 $10) 15... cxd4 (15... c4 16. a4 $1 {/\ b3+/=}) 16. Qxd4 Qxd4 17.
exd4 $14) 14... Qe7 (14... b5 $6 15. a4 $1 Nb6 (15... a6 16. a5 $16) 16. axb5
cxb5 17. Bxb5 Rfc8 18. Qa3 $16) 15. O-O Nf6 16. Bd3 $6 (16. Rfc1 h5 $1 (16...
Ne4 17. Nxe4 Bxe4 18. b5 $14) 17. h3 (17. b5 h4 18. Nf1 h3 19. g3 Ne4 20. Qb2
Qf6 21. f3 Ng5 22. f4 Ne4 $13) 17... h4 18. Nf1 Ne4 19. Qb2 Qf6 20. Bd1 Nd6 $5
21. Be2 Ne4 $10) (16. b5 cxb5 $5 17. Bxb5 Rac8 $13) 16... Bxd3 17. Qxd3 a6 $1
18. Rfb1 Nd7 $5 (18... h5 $5 19. h3 g6 (19... h4 $2 20. Nf5) 20. a4 h4 21. Nf1
Ne4 22. Nd2 (22. b5 $6 axb5 23. axb5 c5 $1 24. Rxa8 (24. dxc5 $2 Qf6 $1 25.
Rxa8 Qxf2+ 26. Kh2 Rxa8 $17 {X Kh2}) 24... Rxa8 25. dxc5 Qxc5 $17) 22... Nd6
$10) 19. Re1 (19. a4 Nb6 20. a5 (20. b5 cxb5 21. axb5 a5 $132) 20... Nc4 21. e4
Qe6 $1 22. e5 f6 $13) 19... Rfd8 $5 (19... Nf6 20. Reb1 $10 (20. Rab1 $5)) 20.
e4 $36 dxe4 21. Rxe4 Qf6 22. Rae1 $6 (22. Rg4 $5 g6 (22... Qe6 23. Nf5) 23. Qe3
$36) (22. Nf5 Nf8 $13) 22... Nf8 $1 {/\ Ne6 X d4} 23. Rg4 Ng6 (23... Re8 $6 24.
Rf1 $36) 24. h4 (24. Nh5 $5 Qd6 25. Rge4 $5 {/\ f4-f5}) 24... Rd5 $1 (24... Nf4
$2 25. Qf3 Rxd4 26. Ne4 $18) 25. h5 (25. Qe3 Kh8 $1 {/\ Rad8,Nf8-e6 X d4})
25... Nf8 (25... Nf4 $6 26. Ne4 $1 Qf5 (26... Nxd3 27. Nxf6+ Kh8 (27... Kf8 28.
Nh7+ $10) 28. Nxd5 Nxe1 29. Nb6 $14) 27. Qf3 Nxh5 28. Qxf5 Rxf5 29. Nd6 Rd5 30.
Nxb7 $14) 26. Ne4 Qf5 (26... Qxd4 $4 27. Qxd4 Rxd4 28. Nf6+ $18) 27. Qg3 Ne6
28. Nc5 $1 $8 Rxd4 29. Rxd4 Nxd4 30. Re5 $1 (30. Nxb7 $2 Qxh5 $17) 30... Qb1+ (
30... Qc2 31. Qe3 $1) 31. Kh2 b6 32. Nd7 Rd8 $2 (32... Ne6 $142 {Timman} 33.
Qc3 $1 $132 (33. Nxb6 Rd8 34. Qe3 Qc2 $1 $17 {Timman; X Nb6}) (33. f4 $2 Rd8
34. f5 Ng5 35. f6 $5 Rxd7 $4 (35... Qd1 $1 36. Rxg5 hxg5 37. Qxg5 g6 38. hxg6
Rxd7 39. gxf7+ Kxf7 $19) 36. Re8+ Kh7 37. Qb8 Nf3+ 38. Kg3 $1 $18)) 33. Nf6+
Kf8 $4 (33... Kh8 34. Ne8 Nf5 $1 (34... g5 $5 35. hxg6 (35. Re7 Qf5 36. Nd6 Qf6
$1 37. Nxf7+ Kg8 $13) 35... Qxg6 (35... fxg6 $2 36. Qf4 $18) 36. Qh4 f6 (36...
f5 37. Qe7 $1 (37. Qxd8 Qh5+ 38. Kg3 (38. Kg1 $2 Qd1+ 39. Kh2 Nf3+ $19) 38...
Qg4+ 39. Kh2 Qh5+ $10) 37... Qh5+ 38. Kg1 Qd1+ (38... Nf3+ 39. gxf3 Rd1+ 40.
Re1 Qg5+ $5 41. Kh2 $1 Qh5+ 42. Kg2 Qg6+ 43. Kf1 $18) (38... Ne2+ $2 39. Rxe2
$18) 39. Re1 $18) (36... Rd7 37. Rh5 $1 f5 (37... Nf5 38. Rxf5 Qxf5 39. Qxh6+
Qh7 40. Qxh7+ Kxh7 41. Nf6+ $18) 38. Nf6 $1 $18) 37. Nxf6 Rf8 38. Qxd4 Qxf6 (
38... Rxf6 $2 39. Re6 $18) 39. Kg1 $16) (34... g6 $2 35. Qf4 Nf5 36. Rxf5 $1
Rxe8 37. Qxh6+ (37. Rxf7) 37... Kg8 38. hxg6 Qxf5 39. Qh7+ Kf8 40. g7+ $18) (
34... Qh7 $2 35. Qh4 $1 f6 (35... Qd3 $5 36. Qe7 $1 (36. Qxd8 $2 Nf3+ $19)
36... Kg8 37. Nf6+ $1 gxf6 38. Qxd8+ Kg7 39. Re8 $18) (35... Rd7 $2 36. Nf6 $1
gxf6 37. Re8+ Kg7 38. Qg4+ $18) 36. Nxf6 $1 Qd3 (36... Nf5 37. Qf4 gxf6 38.
Rxf5 $18) 37. Ne8 $18) 35. Rxf5 (35. Qg4 Qd3 $1 {/\ Qd7} (35... Kh7 $5 {/\ g6})
) 35... Rxe8 (35... Qxf5 $4 36. Qxg7#) 36. Rxf7 Qb2 (36... Rg8 37. f4 $16) 37.
f4 $16) 34. Re8+ $1 (34. Re8+ $1 Rxe8 35. Qd6+ Re7 36. Qd8+ $18) 1-0

[Event "Asia-ch"]
[Site "Kolkata"]
[Date "2001.08.10"]
[Round "2"]
[White "Vakhidov, Tahir"]
[Black "Vladimirov, Yevgeniy"]
[Result "1/2-1/2"]
[WhiteElo "2474"]
[BlackElo "2612"]
[Annotator "Hecht,H"]
[PlyCount "122"]
[EventDate "2001.08.09"]
[EventType "swiss"]
[EventRounds "11"]
[EventCountry "IND"]
[SourceTitle "CBM 085"]
[Source "ChessBase"]
[SourceDate "2001.11.13"]
[SourceVersion "1"]
[SourceVersionDate "2001.11.13"]
[SourceQuality "1"]

1. d4 Nf6 2. c4 e6 3. Nc3 Bb4 4. Qc2 d5 5. cxd5 exd5 6. Bg5 h6 7. Bxf6 Qxf6 8.
Qa4+ Nc6 9. e3 O-O 10. Nge2 Bd7 11. Qb3 Rfe8 12. a3 Bxc3+ 13. Qxc3 h5 14. Rd1
h4 15. h3 Rad8 16. Ng1 Bf5 17. Nf3 Rd6 18. Be2 Qe7 19. O-O a6 20. Kh1 g5 21.
Nh2 Nd8 22. Rc1 c6 23. Bd3 Bd7 24. f4 g4 25. hxg4 Re6 26. e4 dxe4 27. f5 Rd6
28. Rce1 Qf6 29. Bxe4 Qxd4 30. Nf3 Qxc3 31. bxc3 f6 32. Nxh4 Nf7 33. Nf3 Nh6
34. c4 b6 35. g5 fxg5 36. Nxg5 Ng4 37. Kg1 Nf6 38. Bc2 Rxe1 39. Rxe1 Rd4 40.
Nf3 Rf4 41. Ne5 c5 42. Rd1 Rd4 43. Rxd4 cxd4 44. g4 Bc8 45. Kf2 Bb7 46. Kg3 Be4
47. Bxe4 Nxe4+ {[#] Mehrbauer bei schwacher Bauernstruktur am Damenflügel.} 48.
Kf4 Nc5 49. Nf3 $6 ({Die verbundenen Freibauern sollten zunächst erhalten
werden.} 49. f6 d3 (49... Kf8 50. g5 d3 51. Ke3 Ne4 52. Kxd3 Nxg5 53. Kd4 Nh7
54. f7 Nf6 55. c5 bxc5+ 56. Kxc5 $18) 50. Ke3 d2 51. f7+ Kg7 52. Kxd2 Ne4+ 53.
Kd3 $18) 49... Nd3+ 50. Ke4 Nf2+ 51. Kf4 Nd3+ 52. Ke4 Nf2+ 53. Kxd4 Nxg4 54.
Nd2 Kf7 55. Ne4 Ke7 56. a4 Kd7 57. Nc3 Nh6 58. Ke5 Kc6 59. Ne4 (59. f6 Ng4+ 60.
Ke6 Nxf6 61. Kxf6 Kc5 $11) 59... b5 60. axb5+ axb5 61. c5 b4 1/2-1/2

[Event "Albert m"]
[Site "Albert"]
[Date "1996.??.??"]
[Round "2"]
[White "Bacrot, Etienne"]
[Black "Smyslov, Vassily V"]
[Result "1-0"]
[WhiteElo "2470"]
[BlackElo "2510"]
[Annotator "Kantsler,B"]
[PlyCount "79"]
[EventDate "1996.09.05"]
[EventType "match"]
[EventRounds "6"]
[EventCountry "FRA"]
[SourceTitle "CBM 056"]
[Source "ChessBase"]
[SourceDate "1997.02.01"]
[SourceVersion "1"]
[SourceVersionDate "1997.02.01"]
[SourceQuality "1"]

1. d4 {Baburin} Nf6 2. c4 e6 3. Nc3 Bb4 4. Qc2 d5 5. cxd5 exd5 6. Bg5 h6 7. Bh4
g5 8. Bg3 Ne4 9. e3 h5 $6 (9... Be6 10. Bd3 Nxg3 11. hxg3 Nd7 12. Nge2 c6 13.
O-O-O Qe7 14. e4 dxe4 15. Bxe4 Nf6 16. d5 cxd5 17. Bxd5 Bxc3 18. Nxc3 Nxd5 19.
Nxd5 Bxd5 20. Rxd5 O-O $10 {Beljavsky,A-Sokolov,An Jugoslavia 1995 64/497 1/
2-1/2 24}) (9... c6 10. Bd3 Nxg3 11. hxg3 Be6 12. a3 Bf8 13. f4 gxf4 14. gxf4
Bg4 15. Bf5 $1 $14 {Kasparov,G-Nikolic,Pr Beograd 1989 48/740 1:0 40}) 10. f3
Bxc3+ (10... Nxg3 11. hxg3 $14) 11. bxc3 Nxg3 12. hxg3 {Baburin: This pawn
formation, which arises quite often in the Nimzo-Indian Defence with 4 Qc2,
usually provides White with more safety for his king. The white K normally
moves to f2, while his black colleague has more trouble finding a safe
location. Besides, the advanced black pawns on the >> might need protection in
the future.} Nd7 13. Kf2 $1 (13. Bd3 Nf6 14. Ne2 $14) 13... Nf6 14. Rb1 $1 b6
$6 (14... c6 $32) 15. c4 c6 16. cxd5 cxd5 ({Baburin The text fixes the pawn
formation, while Black should have tried to leave a pawn on the c-file in
order still to be able to hit White's centre by ...c5, after the more
appropriate} 16... Qxd5 {Baburin} 17. Bd3 Be6 18. Ne2 $14) 17. Bb5+ Kf8 (17...
Bd7 $6 18. Qf5 $16) 18. Ne2 Kg7 19. Rb3 {Rc3-Rc7} Be6 20. Ba6 $1 Qd6 (20... Bc8
21. Bxc8 Qxc8 (21... Rxc8 22. Qf5 $16) 22. Rc3 $16) 21. Rc3 Rae8 22. Qc1 $1 {e4
} Bd7 (22... Rh6 $142 {Baburin} 23. Bd3 $14) {Black's mistake on the last move
allowed the following thrust, which is very unpleasant for him:} 23. e4 dxe4
24. Qxg5+ Kf8 25. Re3 exf3 $6 (25... Bc6 $32) 26. Rxe8+ Kxe8 27. gxf3 Rg8 $2 (
27... Bc6 28. Rc1 $16 (28. Qe5+ $2 Qxe5 29. dxe5 Ng4+ $15)) 28. Qe5+ $1 Qxe5 (
28... Qe7 29. Nf4 $16) 29. dxe5 Nd5 30. Bc4 $1 (30. Rxh5 $16) 30... Be6 31. Nd4
$1 (31. Rxh5 $16) 31... Rh8 32. Nxe6 fxe6 33. Bxd5 exd5 34. f4 $18 Kf7 35. f5
d4 36. Rc1 Kg7 37. Rc7+ Kh6 38. Rf7 Kg5 39. e6 h4 40. e7 1-0